[Event "GER-ch Net blitz sf"]
[Site "Playchess.com INT"]
[Date "2021.06.05"]
[Round "11"]
[White "Serrer, Christoph"]
[Black "Hummel, Dirk"]
[Result "0-1"]
[WhiteElo "2137"]
[BlackElo "2462"]
[PlyCount "138"]
[EventDate "2021.06.05"]
[EventType "swiss (blitz)"]
[EventRounds "13"]
[EventCountry "GER"]
[SourceTitle "EXT 2023"]
[Source "ChessBase"]
[SourceDate "2022.10.05"]
[SourceVersion "1"]
[SourceVersionDate "2022.10.05"]
[SourceQuality "1"]

1. Nf3 Nf6 2. c4 e6 3. Nc3 d5 4. e3 Be7 5. Be2 0-0 6. d4 dxc4 7. Bxc4 c5 8. 0-0 a6 9. dxc5 Bxc5 10. Qe2 b5 11. Rd1 Qb6 12. Bb3 Bb7 13. a4 b4 14. a5 Qc7 15. Na4 Qxa5 16. Bd2 Be7 17. Nd4 Nc6 18. Rdc1 Nxd4 19. exd4 Qf5 20. Nc5 Bd5 21. Bxd5 Nxd5 22. Rxa6 Rac8 23. Ra7 Bf6 24. Be3 h6 25. Rd1 Ra8 26. Rxa8 Rxa8 27. Nd7 Ra2 28. h3 Be7 29. Rc1 b3 30. Kf1 Qe4 31. Ne5 Nxe3+ 32. fxe3 Bg5 33. Nc4 Kh7 34. Qf3 Qd3+ 35. Qe2 Qf5+ 36. Qf3 Qd5 37. Ke2 Qb5 38. Kf2 Bh4+ 39. g3 Bf6 40. Qe4+ g6 41. Qf3 Kg7 42. Kg2 Qd5 43. Rf1 Qxf3+ 44. Kxf3 Be7 45. Rd1 Bb4 46. Rd3 Be7 47. Rxb3 Ra1 48. Nd2 Rh1 49. Kg2 Rd1 50. Nf3 Rc1 51. Rb7 Rc2+ 52. Kf1 Bd6 53. Ne5 Bxe5 54. dxe5 Rh2 55. h4 g5 56. hxg5 hxg5 57. b4 Rb2 58. Rb8 g4 59. b5 Kg6 60. Rg8+ Kf5 61. Rf8 Kxe5 62. Rxf7 Ke4 63. Rf4+ Kxe3 64. Rxg4 Rxb5 65. Ra4 Rb2 66. Ra3+ Ke4 67. Ke1 Kf5 68. Kf1 e5 69. Rb3 Rxb3 0-1

[Event "GER-ch Net blitz qual3"]
[Site "Playchess.com INT"]
[Date "2021.05.07"]
[Round "1"]
[White "Hummel, Dirk"]
[Black "Leidorf, Sebastian"]
[Result "1-0"]
[WhiteElo "2572"]
[BlackElo "1788"]
[PlyCount "57"]
[EventDate "2021.05.07"]
[EventType "swiss (blitz)"]
[EventRounds "11"]
[EventCountry "GER"]
[SourceTitle "CBM 202 Extra"]
[Source "ChessBase"]
[SourceDate "2021.07.31"]
[SourceVersion "1"]
[SourceVersionDate "2021.07.31"]
[SourceQuality "1"]

1. d4 Nf6 2. c4 g6 3. Nc3 d5 4. Nf3 Bg7 5. Bg5 Ne4 6. Bf4 Nxc3 7. bxc3 0-0 8. e3 c5 9. cxd5 Qxd5 10. Be2 Nc6 11. 0-0 cxd4 12. cxd4 Bf5 13. Qa4 e5 14. dxe5 Nxe5 15. Rfd1 Nxf3+ 16. Bxf3 Qe6 17. Rac1 Rad8 18. Bxb7 Bb2 19. Qa5 Bxc1 20. Rxd8 Rxd8 21. Qxd8+ Kg7 22. Qd4+ f6 23. Qxa7 Qd7 24. Qa6 Bd3 25. Qc6 Qe7 26. a4 Ba3 27. h3 Qb4 28. Qd7+ Qe7 29. Qxd3 1-0

[Event "GER-ch Net blitz qual3"]
[Site "Playchess.com INT"]
[Date "2021.05.07"]
[Round "11"]
[White "Hummel, Dirk"]
[Black "Singh, Marcel"]
[Result "0-1"]
[WhiteElo "2572"]
[BlackElo "2027"]
[PlyCount "50"]
[EventDate "2021.05.07"]
[EventType "swiss (blitz)"]
[EventRounds "11"]
[EventCountry "GER"]
[SourceTitle "CBM 202 Extra"]
[Source "ChessBase"]
[SourceDate "2021.07.31"]
[SourceVersion "1"]
[SourceVersionDate "2021.07.31"]
[SourceQuality "1"]

1. d4 e5 2. dxe5 Nc6 3. Nf3 Qe7 4. Bf4 Qb4+ 5. Bd2 Qxb2 6. Nc3 Bb4 7. Rb1 Qa3 8. Nd5 Bxd2+ 9. Qxd2 Qxa2 10. Rd1 Kd8 11. e4 Nge7 12. Be2 Qa5 13. c3 Re8 14. 0-0 Ng6 15. Qg5+ Nce7 16. h4 h6 17. Qg3 Nxd5 18. Rxd5 Qxc3 19. h5 Nxe5 20. Nxe5 Qxg3 21. Nxf7+ Ke7 22. fxg3 d6 23. e5 Be6 24. exd6+ cxd6 25. Rb5 b6 0-1

[Event "GER-ch Net blitz qual2"]
[Site "Playchess.com INT"]
[Date "2021.05.04"]
[Round "3"]
[White "Eilenberg, Jonas"]
[Black "Hummel, Dirk"]
[Result "0-1"]
[WhiteElo "2090"]
[BlackElo "2649"]
[PlyCount "100"]
[EventDate "2021.05.04"]
[EventType "swiss (blitz)"]
[EventRounds "11"]
[EventCountry "GER"]
[SourceTitle "CBM 202 Extra"]
[Source "ChessBase"]
[SourceDate "2021.07.31"]
[SourceVersion "1"]
[SourceVersionDate "2021.07.31"]
[SourceQuality "1"]

1. d4 d5 2. c4 e6 3. Nc3 Nf6 4. cxd5 exd5 5. Bg5 c6 6. e3 Nbd7 7. Bd3 Be7 8. Qc2 h6 9. Bh4 Nh5 10. Bxe7 Qxe7 11. Nf3 Nf4 12. 0-0 Nxd3 13. Qxd3 Nf6 14. Ne5 0-0 15. Rac1 Re8 16. a3 g6 17. b4 Bf5 18. Qe2 a6 19. Na4 Ne4 20. f3 Nd6 21. Kf2 h5 22. g3 Kg7 23. Nb6 Rad8 24. Rfe1 Rh8 25. Nd3 Bxd3 26. Qxd3 Rde8 27. Na4 Qf6 28. Kg2 h4 29. g4 h3+ 30. Kf2 Ne4+ 31. Ke2 Ng5 32. Rf1 Qd6 33. Rf2 Re7 34. Kd2 Rhe8 35. Re1 Ne6 36. Nc5 Nxc5 37. bxc5 Qc7 38. Qc3 b5 39. cxb6 Qxb6 40. Qb4 Qa7 41. Qc5 Qxc5 42. dxc5 Rb7 43. Kc3 Reb8 44. e4 Rb3+ 45. Kd4 Rd8 46. e5 Rxa3 47. f4 Ra4+ 48. Kd3 Rb8 49. Kc3 Ra3+ 50. Kd4 Rb4# 0-1

[Event "GER-ch Net blitz qual2"]
[Site "Playchess.com INT"]
[Date "2021.05.04"]
[Round "10"]
[White "Hummel, Dirk"]
[Black "Langrock, Hannes"]
[Result "1-0"]
[WhiteElo "2649"]
[BlackElo "2239"]
[PlyCount "63"]
[EventDate "2021.05.04"]
[EventType "swiss (blitz)"]
[EventRounds "11"]
[EventCountry "GER"]
[SourceTitle "CBM 202 Extra"]
[Source "ChessBase"]
[SourceDate "2021.07.31"]
[SourceVersion "1"]
[SourceVersionDate "2021.07.31"]
[SourceQuality "1"]

1. d4 f5 2. Nc3 Nf6 3. Bg5 d5 4. f3 c5 5. e3 e6 6. Qd2 Nc6 7. 0-0-0 h6 8. Bh4 Be7 9. h3 0-0 10. g4 Ne4 11. Nxe4 fxe4 12. Bxe7 Qxe7 13. fxe4 dxe4 14. Bg2 cxd4 15. exd4 Qd6 16. Bxe4 Rf4 17. Qe3 Nb4 18. Ne2 Rf8 19. Rhf1 Nxa2+ 20. Kb1 Nb4 21. Rxf8+ Qxf8 22. Nf4 Bd7 23. Ng6 Qd6 24. Rf1 Qa6 25. Qf2 Bc6 26. Qf7+ Kh7 27. Nf8+ Kh8 28. Ng6+ Kh7 29. Nf8+ Kh8 30. Nxe6 Rg8 31. Qxg8+ Kxg8 32. Rf8# 1-0

[Event "GER-ch Net blitz qual2"]
[Site "Playchess.com INT"]
[Date "2021.05.04"]
[Round "2"]
[White "Hummel, Dirk"]
[Black "Noetzel, Felix"]
[Result "1-0"]
[WhiteElo "2649"]
[BlackElo "1962"]
[PlyCount "51"]
[EventDate "2021.05.04"]
[EventType "swiss (blitz)"]
[EventRounds "11"]
[EventCountry "GER"]
[SourceTitle "CBM 202 Extra"]
[Source "ChessBase"]
[SourceDate "2021.07.31"]
[SourceVersion "1"]
[SourceVersionDate "2021.07.31"]
[SourceQuality "1"]

1. e4 c5 2. Nf3 Nc6 3. Bb5 g6 4. 0-0 Bg7 5. Re1 Nf6 6. c3 0-0 7. d4 cxd4 8. cxd4 d5 9. e5 Ne4 10. h3 Qb6 11. Bf1 Bf5 12. Nc3 Nxc3 13. bxc3 Rfc8 14. Nh4 Bd7 15. Bd3 Na5 16. Rb1 Qc7 17. Bd2 b6 18. Qf3 Be6 19. Qg3 Nc4 20. Bf4 h6 21. Nxg6 fxg6 22. Qxg6 Bf7 23. Qh7+ Kf8 24. Bxh6 Bxh6 25. Qxh6+ Ke8 26. e6 1-0

[Event "GER-chT Online Liga 1 GpA"]
[Site "Playchess.com INT"]
[Date "2021.02.23"]
[Round "4.1"]
[White "Rosen, Bernd"]
[Black "Hummel, Dirk"]
[Result "1-0"]
[WhiteElo "2313"]
[BlackElo "2273"]
[PlyCount "51"]
[EventDate "2021.01.22"]
[EventType "team-tourn (rapid)"]
[EventRounds "7"]
[EventCountry "GER"]
[SourceTitle "EXT 2022"]
[Source "ChessBase"]
[SourceDate "2021.10.06"]
[SourceVersion "1"]
[SourceVersionDate "2021.10.06"]
[SourceQuality "1"]
[WhiteTeam "Essen Katernberg"]
[BlackTeam "Osnabrueck SV"]
[WhiteTeamCountry "GER"]
[BlackTeamCountry "GER"]

1. Nf3 d5 2. c4 d4 3. d3 Nc6 4. g3 e5 5. Bg2 Bb4+ 6. Bd2 a5 7. 0-0 Bxd2 8. Nbxd2 Nf6 9. b3 0-0 10. a3 Re8 11. Qc2 h6 12. Rab1 Bg4 13. h3 Bf5 14. b4 axb4 15. axb4 e4 16. Nh4 exd3 17. exd3 Bh7 18. b5 Ne5 19. Rb3 g5 20. Nhf3 Ned7 21. c5 Nf8 22. b6 Rc8 23. Nc4 Ne6 24. c6 Nc5 25. cxb7 Nxb7 26. Nfe5 1-0

[Event "GER-chT Online Liga 1 GpA"]
[Site "Playchess.com INT"]
[Date "2021.01.22"]
[Round "1.1"]
[White "Hummel, Dirk"]
[Black "Faerber, David"]
[Result "1/2-1/2"]
[WhiteElo "2273"]
[BlackElo "2319"]
[PlyCount "67"]
[EventDate "2021.01.22"]
[EventType "team-tourn (rapid)"]
[EventRounds "7"]
[EventCountry "GER"]
[SourceTitle "CBM 200 Extra"]
[Source "ChessBase"]
[SourceDate "2021.03.31"]
[SourceVersion "1"]
[SourceVersionDate "2021.03.31"]
[SourceQuality "1"]
[WhiteTeam "Osnabrueck SV"]
[BlackTeam "Walldorf"]
[WhiteTeamCountry "GER"]
[BlackTeamCountry "GER"]

1. d4 Nf6 2. c4 c5 3. d5 b5 4. cxb5 a6 5. bxa6 g6 6. g3 Bg7 7. Bg2 d6 8. Nf3 0-0 9. 0-0 Nbd7 10. Nc3 Nb6 11. Rb1 Bxa6 12. b3 Qc7 13. h3 Bb7 14. e4 Nfd7 15. Bd2 Bxc3 16. Bxc3 Rxa2 17. Re1 Nf6 18. Qd3 Nbd7 19. Qe3 Rc2 20. Rec1 Rxc1+ 21. Rxc1 Re8 22. Qh6 Qb6 23. e5 dxe5 24. Nxe5 Nxe5 25. Bxe5 Qxb3 26. Rxc5 Qb1+ 27. Kh2 Qf5 28. Bxf6 Qxf6 29. Qe3 Qd6 30. Rb5 Ba8 31. Rb6 Qd7 32. Qe5 Bb7 33. d6 Bxg2 34. Kxg2 1/2-1/2

[Event "DSOL 01 Liga Gr-C 1st"]
[Site "Playchess.com INT"]
[Date "2020.08.11"]
[Round "2.1"]
[White "Johann, Stefan"]
[Black "Hummel, Dirk"]
[Result "0-1"]
[WhiteElo "2153"]
[BlackElo "2238"]
[PlyCount "56"]
[EventDate "2020.06.22"]
[EventType "team-tourn (rapid)"]
[EventCountry "GER"]
[SourceTitle "EXT 2021"]
[Source "ChessBase"]
[SourceDate "2020.10.23"]
[SourceVersion "1"]
[SourceVersionDate "2020.10.23"]
[SourceQuality "1"]
[WhiteTeam "Ludwigshafen"]
[BlackTeam "Osnabrueck SV"]
[WhiteTeamCountry "GER"]
[BlackTeamCountry "GER"]

1. d4 Nf6 2. Nf3 g6 3. Bg5 Bg7 4. e3 0-0 5. Bd3 d5 6. 0-0 Nbd7 7. Nbd2 c5 8. c3 b6 9. Qa4 a6 10. e4 dxe4 11. Nxe4 Bb7 12. dxc5 Bxe4 13. Bxe4 Nxc5 14. Qb4 Ncxe4 15. Be3 b5 16. Rfd1 Qc7 17. a4 bxa4 18. Rxa4 Rfb8 19. Qa3 Qb7 20. Rb4 Qc7 21. Ra4 Bf8 22. Qa2 Nd6 23. Bd4 Nfe8 24. b4 Bg7 25. Ne5 e6 26. Ra5 Nb5 27. Rxa6 Rxa6 28. Qxa6 Bxe5 0-1

[Event "Schilcherland op 3rd"]
[Site "Deutschlandsberg"]
[Date "2020.01.04"]
[Round "9"]
[White "Stanec, Nikolaus"]
[Black "Hummel, Dirk"]
[Result "0-1"]
[WhiteElo "2525"]
[BlackElo "2284"]
[PlyCount "66"]
[EventDate "2019.12.28"]
[EventType "swiss"]
[EventRounds "9"]
[EventCountry "AUT"]
[SourceTitle "CBM 194 Extra"]
[Source "ChessBase"]
[SourceDate "2020.03.31"]
[SourceVersion "1"]
[SourceVersionDate "2020.03.31"]
[SourceQuality "1"]

1. e4 e5 2. Nf3 Nf6 3. Nc3 Nc6 4. Bb5 Bd6 5. d3 a6 6. Ba4 h6 7. Ne2 b5 8. Bb3 Bc5 9. Ng3 d6 10. c3 0-0 11. 0-0 Re8 12. h3 Bb6 13. Re1 Ne7 14. Nh4 Be6 15. Bc2 g5 16. Nhf5 Bxf5 17. exf5 Ned5 18. Qf3 Kg7 19. Ne4 Qd7 20. g3 Rad8 21. Bb3 Nxe4 22. Bxd5 Nxf2 23. Kg2 e4 24. dxe4 c6 25. Bb3 d5 26. e5 Ne4 27. f6+ Kh7 28. Rxe4 dxe4 29. Qxe4+ Kh8 30. h4 Rxe5 31. Qf3 Rde8 32. g4 Re2+ 33. Kh3 Bc7 0-1

[Event "Oberliga Nord W 1617"]
[Site "Germany"]
[Date "2017.01.15"]
[Round "4.2"]
[White "Hummel, Dirk"]
[Black "Bangiev, Alexander J"]
[Result "1/2-1/2"]
[WhiteElo "2276"]
[BlackElo "2387"]
[PlyCount "37"]
[EventDate "2016.10.16"]
[EventType "team-tourn"]
[EventRounds "9"]
[EventCountry "GER"]
[SourceTitle "EXT 2018"]
[Source "ChessBase"]
[SourceDate "2017.10.13"]
[SourceVersion "1"]
[SourceVersionDate "2017.10.13"]
[SourceQuality "1"]
[WhiteTeam "Hellern"]
[BlackTeam "Hannover"]
[WhiteTeamCountry "GER"]
[BlackTeamCountry "GER"]

1. d4 g6 2. c4 Bg7 3. e4 c5 4. d5 d6 5. Bd3 Nf6 6. h3 0-0 7. Nf3 e5 8. Nc3 Ne8 9. g4 a6 10. a4 b6 11. Rg1 Ra7 12. Bg5 f6 13. Be3 Rb7 14. h4 Bd7 15. h5 g5 16. b3 Nc7 17. Nd2 h6 18. Nf1 Qc8 19. Nh2 1/2-1/2

[Event "Oberliga Nord W 1516"]
[Site "Germany"]
[Date "2015.12.13"]
[Round "4.3"]
[White "Hummel, Dirk"]
[Black "Hoeffer, David"]
[Result "1/2-1/2"]
[WhiteElo "2254"]
[BlackElo "2304"]
[PlyCount "98"]
[EventDate "2015.09.20"]
[EventType "team-tourn"]
[EventRounds "9"]
[EventCountry "GER"]
[SourceTitle "CBM 170 Extra"]
[Source "ChessBase"]
[SourceDate "2016.02.25"]
[SourceVersion "1"]
[SourceVersionDate "2016.02.25"]
[SourceQuality "1"]
[WhiteTeam "Hellern"]
[BlackTeam "Delmenhorst"]
[WhiteTeamCountry "GER"]
[BlackTeamCountry "GER"]

1. d4 Nf6 2. c4 g6 3. Nc3 Bg7 4. e4 d6 5. h3 0-0 6. Bg5 c5 7. d5 e6 8. Bd3 exd5 9. exd5 Nbd7 10. f4 Qa5 11. Qd2 a6 12. Rc1 b5 13. b3 Re8+ 14. Nge2 b4 15. Nd1 Ne4 16. Bxe4 Rxe4 17. 0-0 f5 18. Nf2 Re8 19. g4 Nf6 20. gxf5 Bxf5 21. Ng3 Ne4 22. Nfxe4 Bxe4 23. f5 Bd4+ 24. Kh2 Bxf5 25. Nxf5 gxf5 26. Rxf5 Rf8 27. Rcf1 Rxf5 28. Rxf5 Be5+ 29. Bf4 Bxf4+ 30. Rxf4 Ra7 31. Qe2 Qd8 32. Qe6+ Kg7 33. Rg4+ Kh8 34. Re4 a5 35. h4 a4 36. Kh3 Qf8 37. Qe8 Qxe8 38. Rxe8+ Kg7 39. Kg4 axb3 40. axb3 Ra3 41. Re3 Ra1 42. Re6 Rg1+ 43. Kh5 Rg6 44. Rxg6+ hxg6+ 45. Kg5 Kf7 46. Kh6 Kf6 47. Kh7 Kf7 48. Kh6 Kf6 49. Kh7 Kf7 1/2-1/2

[Event "Oberliga Nord W 1213"]
[Site "Germany"]
[Date "2013.03.17"]
[Round "8.4"]
[White "David, Adrian"]
[Black "Hummel, Dirk"]
[Result "1/2-1/2"]
[WhiteElo "2287"]
[BlackElo "2270"]
[PlyCount "59"]
[EventDate "2012.10.14"]
[EventType "team-tourn"]
[EventRounds "9"]
[EventCountry "GER"]
[SourceTitle "EXT 2014"]
[Source "ChessBase"]
[SourceDate "2013.11.20"]
[SourceVersion "1"]
[SourceVersionDate "2013.11.20"]
[SourceQuality "1"]
[WhiteTeam "Hameln"]
[BlackTeam "Hannover"]
[WhiteTeamCountry "GER"]
[BlackTeamCountry "GER"]

1. Nf3 Nf6 2. c4 e6 3. g3 d5 4. b3 Be7 5. Bg2 0-0 6. 0-0 c5 7. Bb2 Nc6 8. e3 b6 9. Nc3 Bb7 10. cxd5 Nxd5 11. Nxd5 Qxd5 12. d4 Rad8 13. Ne5 Qd6 14. Nxc6 Bxc6 15. Qg4 f5 16. Qxg7+ Kxg7 17. dxc5+ Kf7 18. cxd6 Rxd6 19. Bxc6 Rxc6 20. Rfc1 Rfc8 21. Rxc6 Rxc6 22. Rc1 Rxc1+ 23. Bxc1 e5 24. f3 e4 25. Kf2 h5 26. Bb2 b5 27. Bd4 a6 28. h3 Ke6 29. Kg2 Kd5 30. Kf2 1/2-1/2

[Event "Oberliga Nord W 1213"]
[Site "Germany"]
[Date "2013.01.13"]
[Round "5.6"]
[White "Hummel, Dirk"]
[Black "Meessen, Max"]
[Result "0-1"]
[WhiteElo "2270"]
[BlackElo "2182"]
[PlyCount "92"]
[EventDate "2012.10.14"]
[EventType "team-tourn"]
[EventRounds "9"]
[EventCountry "GER"]
[SourceTitle "EXT 2014"]
[Source "ChessBase"]
[SourceDate "2013.11.20"]
[SourceVersion "1"]
[SourceVersionDate "2013.11.20"]
[SourceQuality "1"]
[WhiteTeam "Hannover"]
[BlackTeam "Oldenburg Union"]
[WhiteTeamCountry "GER"]
[BlackTeamCountry "GER"]

1. d4 Nf6 2. c4 e6 3. Nc3 Bb4 4. Qc2 d5 5. cxd5 exd5 6. Bg5 h6 7. Bxf6 Qxf6 8. a3 Bxc3+ 9. Qxc3 0-0 10. e3 c6 11. Ne2 Re8 12. Ng3 g6 13. Bd3 h5 14. h3 h4 15. Ne2 Bf5 16. 0-0 Nd7 17. b4 Nb6 18. a4 a6 19. Rfc1 Bxd3 20. Qxd3 Nc4 21. Nc3 Qg5 22. b5 axb5 23. axb5 f5 24. bxc6 bxc6 25. Ne2 Kh7 26. Rcb1 Reb8 27. Nf4 Kh6 28. Qc3 Qe7 29. Nd3 Qe4 30. Rxb8 Rxb8 31. Nc5 Qe7 32. Qc1 Kh7 33. Ra6 Rb6 34. Ra8 Rb2 35. Ra4 Rb8 36. Qa1 Kh6 37. Ra6 Nxe3 38. fxe3 Qxe3+ 39. Kh1 Rb4 40. Rxc6 Rc4 41. Nb3 Rxc6 42. Qa8 Qe1+ 43. Kh2 Qg3+ 44. Kh1 Qe1+ 45. Kh2 Qg3+ 46. Kh1 Qd6 0-1

[Event "Oberliga Nord W 1112"]
[Site "Germany"]
[Date "2011.12.11"]
[Round "4.6"]
[White "Peters, Frank"]
[Black "Hummel, Dirk"]
[Result "0-1"]
[WhiteElo "2168"]
[BlackElo "2269"]
[PlyCount "68"]
[EventDate "2011.10.02"]
[EventType "team-tourn"]
[EventRounds "9"]
[EventCountry "GER"]
[SourceTitle "EXT 2013"]
[Source "ChessBase"]
[SourceDate "2012.11.22"]
[SourceVersion "1"]
[SourceVersionDate "2012.11.22"]
[SourceQuality "1"]
[WhiteTeam "Bremer SG"]
[BlackTeam "Hannover"]
[WhiteTeamCountry "GER"]
[BlackTeamCountry "GER"]

1. c4 Nf6 2. g3 g6 3. Bg2 Bg7 4. Nc3 c6 5. d4 d5 6. cxd5 cxd5 7. Qb3 e6 8. Nf3 0-0 9. 0-0 Nc6 10. Rd1 Ne4 11. Be3 Na5 12. Qc2 Nxc3 13. Qxc3 Bd7 14. b3 Qb6 15. h4 Nc6 16. Ne5 Nxe5 17. dxe5 Qa6 18. Bd4 Qxe2 19. Bf1 Qh5 20. Qe3 Rfc8 21. Be2 Qh6 22. f4 Bf8 23. Rac1 a6 24. Rxc8 Rxc8 25. Rc1 Bc6 26. h5 Ba3 27. Rc2 Qf8 28. hxg6 hxg6 29. Bc5 Bxc5 30. Qxc5 Qh6 31. Qe7 d4 32. Bf3 Re8 33. Rxc6 Rxe7 34. Rc8+ Kg7 0-1

[Event "Oberliga Nord W 1112"]
[Site "Germany"]
[Date "2011.10.23"]
[Round "2.5"]
[White "Mossakowski, Florian"]
[Black "Hummel, Dirk"]
[Result "1/2-1/2"]
[WhiteElo "2320"]
[BlackElo "2269"]
[PlyCount "115"]
[EventDate "2011.10.02"]
[EventType "team-tourn"]
[EventRounds "9"]
[EventCountry "GER"]
[SourceTitle "EXT 2013"]
[Source "ChessBase"]
[SourceDate "2012.11.22"]
[SourceVersion "1"]
[SourceVersionDate "2012.11.22"]
[SourceQuality "1"]
[WhiteTeam "Delmenhorst"]
[BlackTeam "Hannover"]
[WhiteTeamCountry "GER"]
[BlackTeamCountry "GER"]

1. e4 c5 2. Nf3 Nc6 3. d4 cxd4 4. Nxd4 Qb6 5. Nb3 Nf6 6. Nc3 e6 7. Bd3 Be7 8. 0-0 0-0 9. Qe2 d6 10. Be3 Qc7 11. f4 Nb4 12. a3 Nxd3 13. cxd3 Bd7 14. Rac1 Qd8 15. g4 Ne8 16. Nd4 Rc8 17. Rf2 Nc7 18. Rg2 Bf6 19. Rf1 Bxd4 20. Bxd4 Nb5 21. Nxb5 Bxb5 22. Rg3 f6 23. g5 e5 24. gxf6 Rxf6 25. fxe5 dxe5 26. Bxe5 Rg6 27. Qf3 Qb6+ 28. Kh1 Qe6 29. Bc3 Rd8 30. Bb4 h6 31. Rxg6 Qxg6 32. Rg1 Qf7 33. Qxf7+ Kxf7 34. Bc3 Bxd3 35. Rxg7+ Kf8 36. Rg4 Re8 37. e5 Re6 38. Rf4+ Ke8 39. Kg2 Rg6+ 40. Kf3 Ke7 41. Rb4 Ba6 42. Be1 Ke6 43. Bg3 Rg7 44. Rh4 Rh7 45. Ke3 Bb5 46. Kd4 Be8 47. b3 h5 48. Kc3 Rc7+ 49. Kb4 Rg7 50. Rd4 Rg4 51. Rxg4 hxg4 52. Ka5 Bc6 53. Bf2 a6 54. Bg3 Bd5 55. b4 Bc6 56. a4 Bd5 57. Kb6 Bc6 58. b5 1/2-1/2

[Event "Oberliga Nord W 1011"]
[Site "Germany"]
[Date "2011.03.20"]
[Round "8.4"]
[White "Bauer, Reinhard"]
[Black "Hummel, Dirk"]
[Result "1/2-1/2"]
[WhiteElo "2246"]
[BlackElo "2258"]
[PlyCount "69"]
[EventDate "2010.10.10"]
[EventType "team-tourn"]
[EventRounds "9"]
[EventCountry "GER"]
[SourceTitle "EXT 2012"]
[Source "ChessBase"]
[SourceDate "2011.11.24"]
[SourceVersion "1"]
[SourceVersionDate "2011.11.24"]
[SourceQuality "1"]
[WhiteTeam "Hameln"]
[BlackTeam "Melle III"]
[WhiteTeamCountry "GER"]
[BlackTeamCountry "GER"]

1. d4 d5 2. Nc3 Nf6 3. Bg5 Nbd7 4. Qd2 c6 5. f3 h6 6. Bh4 e5 7. dxe5 Nxe5 8. Bxf6 Qxf6 9. e4 dxe4 10. Nxe4 Qh4+ 11. Qf2 Qxf2+ 12. Nxf2 Bb4+ 13. c3 Be7 14. f4 Ng4 15. Nxg4 Bxg4 16. Be2 Be6 17. Nf3 0-0-0 18. Nd4 Bh4+ 19. g3 Bd5 20. 0-0 Bf6 21. Nb3 Rhe8 22. Rfe1 Kc7 23. Bf1 b6 24. Kf2 a5 25. Rxe8 Rxe8 26. Nd2 b5 27. a3 b4 28. axb4 axb4 29. Rc1 Kb6 30. Bc4 bxc3 31. bxc3 Kc5 32. Bxd5 cxd5 33. Kf3 Ra8 34. c4 Ra3+ 35. Ke2 1/2-1/2

[Event "Oberliga Nord W 1011"]
[Site "Germany"]
[Date "2010.10.10"]
[Round "1.5"]
[White "Hummel, Dirk"]
[Black "Baeumler, Ilja"]
[Result "1-0"]
[WhiteElo "2258"]
[BlackElo "2236"]
[PlyCount "81"]
[EventDate "2010.10.10"]
[EventType "team-tourn"]
[EventRounds "9"]
[EventCountry "GER"]
[SourceTitle "EXT 2012"]
[Source "ChessBase"]
[SourceDate "2011.11.24"]
[SourceVersion "1"]
[SourceVersionDate "2011.11.24"]
[SourceQuality "1"]
[WhiteTeam "Melle III"]
[BlackTeam "Nordhorn Blanke"]
[WhiteTeamCountry "GER"]
[BlackTeamCountry "GER"]

1. d4 Nf6 2. c4 g6 3. Nc3 Bg7 4. e4 d6 5. Be2 0-0 6. Bg5 h6 7. Be3 e5 8. d5 Nfd7 9. Qd2 Kh7 10. g4 a5 11. h4 Na6 12. h5 g5 13. f3 Ndc5 14. Nh3 Bd7 15. 0-0 f6 16. Rab1 Be8 17. Rfc1 Rf7 18. b3 Bf8 19. Nf2 c6 20. Bd1 b5 21. cxb5 cxb5 22. Ne2 b4 23. Ng3 Rb7 24. Be2 Bb5 25. Nf5 Qd7 26. Bxb5 Qxb5 27. Rc4 a4 28. Qc2 axb3 29. axb3 Nb8 30. Nd3 Nxd3 31. Qxd3 Nd7 32. Qc2 Nc5 33. Rc1 Rba7 34. Bxc5 dxc5 35. d6 Ra2 36. Qd1 Qb6 37. Qd5 R8a7 38. Qe6 Qd8 39. Rxc5 Rd7 40. Rc7 Ra7 41. Qxd7+ 1-0